村のみの合併 (平成) - Statistics

General Stats
  • This quiz has been taken 33 times
  • The average score is 16 of 27
Answer Stats
都道府県 合併日 合併後 合併前 % Correct
愛知県 2005.11.27 豊根村 豊根村
100%
富山村
100%
埼玉県 2006.2.1 ときがわ町 都幾川村
92%
長野県 2006.1.1 阿智村 阿智村
84%
長野県 2009.3.1 阿智村 阿智村
84%
宝珠山村
80%
福岡県 2005.10.11 上毛町 新吉富村
68%
熊本県 2005.2.13 南阿蘇村 白水村
64%
西郷村
64%
北郷村
64%
清内路村
64%
福岡県 2005.3.28 東峰村 小石原村
60%
宮崎県 2006.1.1 美郷町 南郷村
60%
具志川村
56%
長陽村
56%
坂井村
56%
沖縄県 2002.4.1 久米島町 仲里村
52%
坂北村
52%
浪合村
52%
高知県 2005.2.1 津野町 東津野村
48%
長野県 2005.10.1 飯綱町 牟礼村
48%
大平村
44%
玉川村
44%
三水村
40%
葉山村
36%
長野県 2005.10.11 筑北村 本城村
36%
久木野村
32%
No matching quizzes found
Score Distribution
Percent of People with Each Score
Percentile by Number Answered
Your Score History
You have not taken this quiz